000 00530pam a2200205 a 4500
020 _c
040 _aMedical College Libr
041 _aENG
_hENG
082 _a618.2
_bBEC
100 _aBeckmann, C.R.B. .
245 _aObstetrics & Gynecology /
_c
_hTextual Documents
250 _a2nd /
_b.
260 _aLondon :
_bWilliams & Wilkins ,
_c1992.
300 _a230 ;
_c
365 _a1,748=00
653 _aObstetrics
_aMedical Science
930 _a3430
999 _c3429
_d3429